Einführung in die Theorie der endlichen Graphen
Salvato in:
| Natura: | Libro |
|---|---|
| Lingua: | tedesco |
| Pubblicazione: |
Leipzig
Teubner
1972
|
| Serie: | Mathematisch-Naturwissenschaftliche Bibliothek
44 |
| Tags: |
Nessun Tag, puoi essere il primo ad aggiungerne!!
|
MARC
| LEADER | 00000nam a2200000 4500 | ||
|---|---|---|---|
| 001 | c135100 | ||
| 005 | 20250717121304.6 | ||
| 041 | 0 | |a ger | |
| 044 | |a DE | ||
| 245 | 1 | 0 | |a Einführung in die Theorie der endlichen Graphen |c Horst Sachs |
| 264 | 1 | |a Leipzig |b Teubner |c 1972 | |
| 300 | |a 272 s. | ||
| 490 | 1 | |a Mathematisch-Naturwissenschaftliche Bibliothek |v 44 | |
| 830 | 0 | |a Mathematisch-Naturwissenschaftliche Bibliothek |v 44 | |